[Event "Montigny le Bretonneux Noel op 12th"]
[Site "Montigny le Bretonneux"]
[Date "2009.12.27"]
[Round "3"]
[White "Baron, Romuald"]
[Black "Habunek, Patrick"]
[Result "1-0"]
[WhiteElo "1995"]
[BlackElo "1780"]
[PlyCount "71"]
[EventDate "2009.12.26"]
[EventType "swiss"]
[EventRounds "7"]
[EventCountry "FRA"]
[SourceTitle "EXT 2011"]
[Source "ChessBase"]
[SourceDate "2010.11.26"]
[SourceVersion "1"]
[SourceVersionDate "2010.11.26"]
[SourceQuality "1"]

1. e4 c5 2. Nf3 d6 3. d4 cxd4 4. Nxd4 Nf6 5. Nc3 a6 6. Bg5 e6 7. Qd2 Be7 8. f3 Nc6 9. 0-0-0 h6 10. Be3 Bd7 11. g4 Ne5 12. Be2 Rc8 13. h4 Nc4 14. Bxc4 Rxc4 15. g5 Ng8 16. f4 h5 17. g6 f6 18. f5 Qc8 19. Rhf1 Nh6 20. Bxh6 Rxh6 21. fxe6 Bxe6 22. Nf5 Rxg6 23. Nxe7 Kxe7 24. Qxd6+ Kf7 25. Qe5 Rc5 26. Rd5 Bxd5 27. exd5 Kg8 28. Qd6 Rg4 29. Re1 Qc7 30. Qe6+ Qf7 31. Qe3 Rc8 32. d6 Rd8 33. Qb6 Rd7 34. Qc5 Qf8 35. Nd5 Rxd6 36. Ne7+ 1-0

[Event "Montigny le Bretonneux Noel op 12th"]
[Site "Montigny le Bretonneux"]
[Date "2009.12.27"]
[Round "2"]
[White "Habunek, Patrick"]
[Black "Mongey, Alain"]
[Result "1-0"]
[WhiteElo "1780"]
[BlackElo "1605"]
[PlyCount "45"]
[EventDate "2009.12.26"]
[EventType "swiss"]
[EventRounds "7"]
[EventCountry "FRA"]
[SourceTitle "EXT 2011"]
[Source "ChessBase"]
[SourceDate "2010.11.26"]
[SourceVersion "1"]
[SourceVersionDate "2010.11.26"]
[SourceQuality "1"]

1. d4 d5 2. Nf3 Nf6 3. c4 c6 4. Nc3 e6 5. e3 Nbd7 6. Qc2 Be7 7. Bd3 dxc4 8. Bxc4 Nb6 9. Bd3 h6 10. 0-0 0-0 11. Rd1 Nbd5 12. a3 b6 13. e4 Nxc3 14. bxc3 Bb7 15. e5 Nd7 16. Qe2 Qc7 17. Qe4 f5 18. exf6 Nxf6 19. Qxe6+ Kh8 20. Ne5 Rae8 21. Ng6+ Kh7 22. Nxf8+ Kh8 23. Ng6+ 1-0

[Event "Montigny le Bretonneux-C 8th"]
[Site "Montigny le Bretonneux"]
[Date "2009.10.30"]
[Round "7"]
[White "Delpech, Olivier"]
[Black "Habunek, Patrick"]
[Result "1/2-1/2"]
[WhiteElo "1760"]
[BlackElo "1780"]
[PlyCount "51"]
[EventDate "2009.10.24"]
[EventType "tourn"]
[EventRounds "9"]
[EventCountry "FRA"]
[SourceTitle "EXT 2011"]
[Source "ChessBase"]
[SourceDate "2010.11.26"]
[SourceVersion "1"]
[SourceVersionDate "2010.11.26"]
[SourceQuality "1"]

1. c4 Nf6 2. Nc3 c6 3. e4 e5 4. Nf3 d6 5. Be2 Bg4 6. h3 Bh5 7. 0-0 Nbd7 8. d3 Be7 9. Be3 c5 10. g4 Bg6 11. Nh2 h6 12. f4 exf4 13. Bxf4 Ne5 14. Nf3 Nxf3+ 15. Bxf3 Qd7 16. Qe2 0-0 17. Rad1 Rad8 18. d4 Qc8 19. e5 dxe5 20. dxe5 Rxd1 21. Rxd1 Nh7 22. Nb5 Rd8 23. Nd6 Bxd6 24. Rxd6 Rxd6 25. exd6 Nf8 26. Bd5 1/2-1/2

[Event "Montigny le Bretonneux-C 8th"]
[Site "Montigny le Bretonneux"]
[Date "2009.10.29"]
[Round "6"]
[White "Habunek, Patrick"]
[Black "Branson, James"]
[Result "1-0"]
[WhiteElo "1780"]
[BlackElo "1680"]
[PlyCount "107"]
[EventDate "2009.10.24"]
[EventType "tourn"]
[EventRounds "9"]
[EventCountry "FRA"]
[SourceTitle "EXT 2011"]
[Source "ChessBase"]
[SourceDate "2010.11.26"]
[SourceVersion "1"]
[SourceVersionDate "2010.11.26"]
[SourceQuality "1"]

1. d4 d5 2. Nf3 Nf6 3. c4 c6 4. Nc3 e6 5. e3 Nbd7 6. Bd3 dxc4 7. Bxc4 b5 8. Bd3 b4 9. Ne4 c5 10. Nxf6+ Nxf6 11. 0-0 cxd4 12. Bb5+ Bd7 13. Bxd7+ Qxd7 14. Qxd4 Qb7 15. Bd2 Be7 16. Rfd1 0-0 17. Qc4 a5 18. Rac1 Rfc8 19. Qd3 Rxc1 20. Rxc1 a4 21. Qc4 b3 22. axb3 Qxb3 23. Nd4 Ne4 24. Qxb3 axb3 25. Nxb3 Nxd2 26. Nxd2 Kf8 27. Nc4 Ke8 28. Kf1 Rb8 29. Rb1 Bc5 30. b3 g5 31. f3 f5 32. g4 Ke7 33. h3 fxg4 34. hxg4 Bb4 35. Ke2 Rc8 36. Rd1 Ra8 37. Rh1 Ra2+ 38. Kd3 Kf6 39. Rh6+ Kf7 40. Rxh7+ Kg6 41. Rb7 Be1 42. b4 Bg3 43. b5 Rf2 44. Nd2 Rg2 45. Rb6 Kf7 46. Ne4 Bh4 47. Rb7+ Ke8 48. b6 Rb2 49. Kd4 Rb3 50. Rb8+ Ke7 51. b7 Rb2 52. Rh8 Bg3 53. Nxg3 e5+ 54. Kc3 1-0

[Event "Montigny le Bretonneux-B 7th"]
[Site "Montigny le Bretonneux"]
[Date "2008.10.29"]
[Round "5"]
[White "Branson, James"]
[Black "Habunek, Patrick"]
[Result "0-1"]
[WhiteElo "1748"]
[BlackElo "1730"]
[PlyCount "128"]
[EventDate "2008.10.25"]
[EventType "tourn"]
[EventRounds "9"]
[EventCountry "FRA"]
[SourceTitle "EXT 2010"]
[Source "ChessBase"]
[SourceDate "2010.11.25"]
[SourceVersion "1"]
[SourceVersionDate "2010.11.25"]
[SourceQuality "1"]

1. e4 c5 2. Nf3 d6 3. d4 cxd4 4. c3 d3 5. Bxd3 Nf6 6. 0-0 e6 7. Qc2 Nc6 8. Rd1 Qc7 9. Na3 a6 10. Bf4 Be7 11. Nc4 e5 12. Be3 b5 13. Nb6 Rb8 14. Nd5 Qd8 15. h3 Be6 16. c4 Bxd5 17. cxd5 Nb4 18. Qe2 Nxd3 19. Qxd3 0-0 20. Nd2 Qd7 21. Nf1 Rfc8 22. Rdc1 Rxc1 23. Rxc1 Rc8 24. b3 Rxc1 25. Bxc1 Qc7 26. Bd2 Nd7 27. Qg3 Qc2 28. a3 Qxe4 29. Ne3 Nf6 30. f3 Qd3 31. Qe1 Nxd5 32. Nxd5 Qxd5 33. f4 e4 34. Bb4 Kf8 35. Qc3 Qb7 36. a4 Qd7 37. axb5 axb5 38. Qa1 f5 39. Qd4 Kf7 40. Be1 d5 41. h4 Bf6 42. Qd2 d4 43. h5 g6 44. h6 d3 45. b4 Qa7+ 46. Kh2 Qa1 47. Qe3 Qd4 48. Qc1 Qc4 49. Qa3 Qc7 50. Qa2+ Kf8 51. Bd2 Qd7 52. Qa8+ Ke7 53. g4 Bd4 54. Qg8 Kd6 55. Qb8+ Ke7 56. Qg8 Kd6 57. Qb8+ Kc6 58. Qa8+ Kc7 59. g5 e3 60. Bc3 d2 61. Qa5+ Bb6 62. Be5+ Kb7 63. Qa2 d1Q 64. Qg8 Qh5+ 0-1

[Event "Montigny le Bretonneux-B 7th"]
[Site "Montigny le Bretonneux"]
[Date "2008.10.28"]
[Round "4"]
[White "Habunek, Patrick"]
[Black "Delpech, Olivier"]
[Result "1/2-1/2"]
[WhiteElo "1730"]
[BlackElo "1784"]
[PlyCount "82"]
[EventDate "2008.10.25"]
[EventType "tourn"]
[EventRounds "9"]
[EventCountry "FRA"]
[SourceTitle "EXT 2010"]
[Source "ChessBase"]
[SourceDate "2010.11.25"]
[SourceVersion "1"]
[SourceVersionDate "2010.11.25"]
[SourceQuality "1"]

1. e4 c5 2. Nf3 Nc6 3. d4 cxd4 4. Nxd4 a6 5. Nc3 e6 6. Nxc6 bxc6 7. Bd3 Nf6 8. 0-0 Qc7 9. Kh1 Be7 10. f4 Bb7 11. Qe1 c5 12. Qe2 0-0 13. e5 Nd5 14. Nxd5 Bxd5 15. Be4 Bxe4 16. Qxe4 f5 17. Qc4 Rfb8 18. a3 Qc6 19. b3 h6 20. Kg1 g5 21. g3 Kf7 22. Kf2 g4 23. Ke2 h5 24. Be3 h4 25. Bf2 hxg3 26. Bxg3 Rh8 27. Rf2 d5 28. exd6 Bxd6 29. Rd1 Be7 30. Qc3 Qe4+ 31. Kf1 Rhd8 32. Rfd2 Qh1+ 33. Ke2 Qg2+ 34. Ke1 Rxd2 35. Rxd2 Qe4+ 36. Kf1 Rc8 37. Qd3 Qa8 38. Qe3 Qc6 39. Qe2 c4 40. a4 Bc5 41. Qg2 Qxg2+ 1/2-1/2

[Event "Elancourt op"]
[Site "Elancourt"]
[Date "2006.04.18"]
[Round "4"]
[White "Bouvier, Robert"]
[Black "Habunek, Patrick"]
[Result "1-0"]
[WhiteElo "1860"]
[BlackElo "1656"]
[PlyCount "123"]
[EventDate "2006.04.16"]
[EventType "swiss"]
[EventRounds "9"]
[EventCountry "FRA"]
[SourceTitle "CBM 111 Extra"]
[Source "ChessBase"]
[SourceDate "2006.05.09"]
[SourceVersion "1"]
[SourceVersionDate "2006.05.09"]
[SourceQuality "1"]

1. d4 d5 2. c4 c6 3. Nf3 Nf6 4. Nc3 dxc4 5. e3 Bf5 6. Bxc4 e6 7. 0-0 Bb4 8. Ne2 Nbd7 9. Ng3 Bg6 10. Qe2 Ne4 11. Nxe4 Bxe4 12. Nd2 Bg6 13. Rd1 Nb6 14. Bb3 0-0 15. Nf3 Qe7 16. e4 Rad8 17. Bf4 h6 18. Rac1 Bd6 19. e5 Bb4 20. a3 Ba5 21. Bg3 Rd7 22. Nh4 Bh7 23. f4 Nd5 24. Qf3 Bb6 25. Bf2 Kh8 26. f5 exf5 27. Nxf5 Bxf5 28. Qxf5 Qe6 29. Bc2 Qxf5 30. Bxf5 Rdd8 31. g3 Rfe8 32. b4 a6 33. Rc4 g6 34. Bc2 Ne7 35. a4 Nd5 36. Bb3 Kg7 37. b5 axb5 38. axb5 cxb5 39. Rcc1 h5 40. Kg2 Re6 41. Rd3 f6 42. exf6+ Kxf6 43. Kf3 Ree8 44. g4 hxg4+ 45. Kxg4 Re4+ 46. Kf3 Rf4+ 47. Kg3 g5 48. Re1 Bc7 49. Kg2 Rf5 50. Bg3 Nf4+ 51. Bxf4 Bxf4 52. Re6+ Kg7 53. Re7+ Kh6 54. Rxb7 Re8 55. Rh3+ Kg6 56. Rb6+ Kg7 57. Be6 Rf6 58. d5 Rd8 59. Rxb5 Rh6 60. Rb7+ Kg6 61. Bf7+ Kg7 62. Be8+ 1-0

[Event "Elancourt op"]
[Site "Elancourt"]
[Date "2006.04.18"]
[Round "3"]
[White "Habunek, Patrick"]
[Black "Benhamouda, Matthieu"]
[Result "1/2-1/2"]
[WhiteElo "1656"]
[BlackElo "1520"]
[PlyCount "62"]
[EventDate "2006.04.16"]
[EventType "swiss"]
[EventRounds "9"]
[EventCountry "FRA"]
[SourceTitle "CBM 111 Extra"]
[Source "ChessBase"]
[SourceDate "2006.05.09"]
[SourceVersion "1"]
[SourceVersionDate "2006.05.09"]
[SourceQuality "1"]

1. e4 c5 2. Nf3 Nc6 3. d4 cxd4 4. Nxd4 g6 5. Be3 Bg7 6. Nc3 e6 7. Qd2 Nge7 8. 0-0-0 d5 9. exd5 Nxd5 10. Nxd5 Qxd5 11. Nb3 Qe5 12. c3 0-0 13. Bf4 Qf5 14. Bd3 Qd5 15. Qe3 e5 16. Be4 exf4 17. Qxf4 Qe5 18. Qf3 Bf5 19. Bxf5 Qxf5 20. Qxf5 gxf5 21. f4 Rad8 22. g3 Rxd1+ 23. Rxd1 Rd8 24. Re1 Kf8 25. Kc2 Re8 26. Rxe8+ Kxe8 27. Kd3 Kd7 28. Kc4 Bf8 29. Kd5 Be7 30. Nd2 Nd8 31. Ke5 h5 1/2-1/2

[Event "Montigny le Bretonneux Noel op 08th"]
[Site "Montigny le Bretonneux"]
[Date "2005.12.27"]
[Round "2"]
[White "Xie, Marie Paule"]
[Black "Habunek, Patrick"]
[Result "0-1"]
[WhiteElo "1010"]
[BlackElo "1669"]
[PlyCount "64"]
[EventDate "2005.12.26"]
[EventType "swiss"]
[EventRounds "7"]
[EventCountry "FRA"]
[SourceTitle "CBM 110 Extra"]
[Source "ChessBase"]
[SourceDate "2006.03.10"]
[SourceVersion "2"]
[SourceVersionDate "2006.03.10"]
[SourceQuality "1"]

1. e4 c5 2. Nf3 d6 3. Bc4 Nf6 4. 0-0 e6 5. e5 Ng4 6. d3 Nxe5 7. Nxe5 dxe5 8. f3 Bd6 9. g3 Bd7 10. h4 Nc6 11. Be3 Qb6 12. Na3 Nd4 13. h5 0-0-0 14. c3 Nf5 15. d4 Nxe3 16. Qd2 Nxf1 17. Bxf1 Be7 18. Nc4 Qc7 19. a4 exd4 20. cxd4 Qxg3+ 21. Qg2 Qxg2+ 22. Bxg2 f6 23. dxc5 Bxc5+ 24. Kh2 Bc6 25. a5 Rd4 26. f4 Rxc4 27. b3 Rc2 28. Rg1 Bxg1+ 29. Kxg1 Rxg2+ 30. Kf1 Rd8 31. Ke1 Bf3 32. b4 Rd1# 0-1

[Event "Montigny le Bretonneux Noel op 07th"]
[Site "Montigny le Bretonneux"]
[Date "2004.12.28"]
[Round "4"]
[White "Habunek, Patrick"]
[Black "Chemin, Jean Pierre"]
[Result "0-1"]
[WhiteElo "1680"]
[BlackElo "1950"]
[PlyCount "92"]
[EventDate "2004.12.??"]
[EventType "swiss"]
[EventRounds "7"]
[EventCountry "FRA"]
[SourceTitle "EXT 2006"]
[Source "ChessBase"]
[SourceDate "2005.11.24"]
[SourceVersion "1"]
[SourceVersionDate "2005.11.24"]
[SourceQuality "1"]

1. e4 e6 2. d4 d5 3. e5 c5 4. c3 Nc6 5. Nf3 Bd7 6. Be2 Nge7 7. 0-0 cxd4 8. cxd4 Nf5 9. Nc3 Be7 10. a3 Rc8 11. Be3 0-0 12. Rc1 Na5 13. Nd2 f6 14. b4 fxe5 15. Nf3 exd4 16. Bxd4 Nc6 17. Be5 Bf6 18. Bxf6 Qxf6 19. Qd3 Ncd4 20. Nxd4 Qxd4 21. Qxd4 Nxd4 22. Bd1 Nb5 23. Na2 Nxa3 24. Bb3 Rxc1 25. Rxc1 Rc8 26. Re1 Kf7 27. g3 Nc2 28. Rd1 Ke7 29. Rd2 Na3 30. Rd4 Nb5 31. Rd3 Nd6 32. Nc3 Nc4 33. Ne2 Bb5 34. Nd4 Nd6 35. Nxb5 Nxb5 36. Ba4 Nd6 37. Bb3 Ne4 38. Rd4 Rc3 39. Bd1 Rc4 40. Rxc4 dxc4 41. Bc2 Nf6 42. f3 h6 43. Kf2 Nd5 44. b5 Nc3 45. Be4 Nxe4+ 46. fxe4 Kd6 0-1

[Event "Montigny le Bretonneux Noel op 06th"]
[Site "Montigny le Bretonneux"]
[Date "2003.12.27"]
[Round "2"]
[White "Miolane, Leo"]
[Black "Habunek, Patrick"]
[Result "0-1"]
[WhiteElo "1300"]
[BlackElo "1620"]
[PlyCount "126"]
[EventDate "2003.12.26"]
[EventType "swiss"]
[EventRounds "6"]
[EventCountry "FRA"]
[SourceTitle "CBM 097 Extra"]
[Source "ChessBase"]
[SourceDate "2004.01.13"]
[SourceVersion "1"]
[SourceVersionDate "2004.01.13"]
[SourceQuality "1"]

1. e4 c5 2. Nf3 Nc6 3. Bb5 e6 4. d4 cxd4 5. Nxd4 Nxd4 6. Qxd4 a6 7. Bc4 Nf6 8. e5 Ng8 9. 0-0 d5 10. exd6 Qxd6 11. Be3 Nf6 12. Nc3 b5 13. Bd3 Bb7 14. Rad1 Qxd4 15. Bxd4 Be7 16. Rfe1 0-0 17. Re3 Rad8 18. Bb6 Rc8 19. a3 Bc5 20. Bxc5 Rxc5 21. b4 Rc7 22. h3 Rfc8 23. Ne2 g6 24. Ng3 Nd5 25. Ree1 Nc3 26. Rd2 Rd8 27. f3 Rcd7 28. Ne2 Nxe2+ 29. Rexe2 Bd5 30. Re1 Kf8 31. Kf2 Ke7 32. Ke3 Rc8 33. Rc1 Rc3 34. Ra1 Rdc7 35. Ke2 Bc4 36. Bxc4 R7xc4 37. Ra2 e5 38. Kd1 Rd4 39. Rxd4 exd4 40. Kd2 Kd6 41. a4 Kc6 42. axb5+ Kxb5 43. Ra5+ Kb6 44. Ra4 Kb5 45. Ra5+ Kb6 46. Rd5 Rc4 47. Kd3 Rxb4 48. Rxd4 Rxd4+ 49. Kxd4 Kc6 50. c4 a5 51. Kc3 Kc5 52. Kb3 a4+ 53. Kxa4 Kxc4 54. Ka5 Kd3 55. Kb5 Ke3 56. Kc5 Kf2 57. Kd5 Kxg2 58. Ke5 Kxf3 59. Kf6 Kg3 60. Kxf7 Kxh3 61. Kf6 Kg4 62. Kg7 h5 63. Kxg6 h4 0-1